000 00568nam a22002057a 4500
003 koha_MIRAKIL
005 20231213095943.0
008 231213b |||||||| |||| 00| 0 ||| d
020 _b978-6-05-162315-3
040 _aTR-IsEVY
_btur
_cTR-IsEVY
082 _a649.6 GÜN/Ç
100 _aGüneş, Adem.
245 0 _aÇocuklar neyi neden yapar?
_bçocuk davranışları anlama rehberi
250 _a50. bs.
260 _bNesil Yayınları,
_c2015
300 _a208 s.
650 _aBehavior in children.
650 _aChildren's education.
942 _2ddc
_cBK
999 _c12141
_d12141